The Big Book Blanket Quiz Stats

Quiz Updated Sep 23, 2014

Challenge
Share
Tweet
Embed
Score 0/186 Timer 08:00
6 Plays Today
Books % Correct
The
100%
The
100%
A
100%
The
100%
A
100%
A
100%
The
100%
The
100%
The
100%
The
100%
The
100%
The
100%
The
100%
The
100%
The
100%
And
100%
And
100%
And
100%
And
100%
To
100%
Of
100%
Of
100%
Of
100%
Of
100%
Great
100%
Austen
100%
Dickens
100%
On
100%
His
100%
Tom
100%
Eighty
100%
World
100%
Darkness
100%
F.Scott
100%
Leo
100%
Huxley
100%
Woolf
100%
Conrad
100%
Hardy
100%
1939
100%
Tropic
99.9%
Big
100%
Mister
99.9%
Jones's
99.9%
Games
100%
American
100%
Mandolin
99.9%
Boy
99.9%
Runner
99.9%
Flying
99.9%
Whisperer
99.9%
Abroad
99.9%
Zone
99.9%
Verses
99.9%
Jack
100%
Suzanne
100%
Raymond
100%
Graham
100%
Vikram
99.9%
Alexandre
100%
Mark
100%
Stephen
100%
Books % Correct
Burgess
99.9%
Miller
99.9%
Pullman
100%
Magorian
99.9%
Dostoyevsky
99.9%
Fielding
100%
Hosseini
99.9%
Brown
100%
Jong
99.9%
Evans
99.9%
Sebold
99.9%
Rushdie
99.9%
1925
100%
1932
100%
1927
100%
1957
99.9%
1899
99.9%
1962
99.9%
1934
100%
1895
99.9%
2008
99.9%
1955
99.9%
1813
99.9%
1995
99.9%
1869
99.9%
1994
99.9%
1843
99.9%
1981
99.9%
1993
99.9%
1866
99.9%
1996
99.9%
1952
99.9%
2003
99.9%
1844
99.9%
2000
99.9%
1973
99.9%
1995
99.9%
2002
99.9%
1949
100%
1894
99.9%
1979
99.9%
1988
99.9%
Orange
99.9%
Bones
99.9%
Steinbeck
99.9%
George
99.9%
The
99.6%
Bernieres
99.4%
Gatsby
96.2%
Fitzgerald
92.9%
Hunger
89.6%
Clockwork
87.8%
Jane
87.9%
Pride
86.6%
Prejudice
86%
Charles
83.6%
Cancer
81.3%
Virginia
80.4%
John
78.2%
New
77.8%
Brave
77.1%
Horse
76.7%
Books % Correct
Kite
75.4%
Tolstoy
74.9%
War
72.7%
Peace
72.3%
Diary
70.4%
Heart
70.4%
Bridget
69.7%
Dumas
68.2%
King
67.1%
Lovely
66.9%
Christmas
66.4%
Aldous
66%
Nineteen
65.8%
Four
65.8%
Orwell
65.6%
Carol
65.4%
Joseph
64%
Satanic
63.5%
Crime
61.3%
Punishment
61.3%
Salman
61%
Three
60.7%
Musketeers
59.2%
Thomas
59%
East
58.6%
Eden
58.5%
Road
55.9%
Dan
54.2%
Twain
53.6%
Collins
52.9%
Fear
52%
Angels
48.8%
Demons
48.8%
Sawyer
48.7%
Kerouac
48.7%
Anthony
47.8%
Captain
45.9%
Sleep
43%
Corelli's
41.8%
Greene
40.9%
Fyodor
40.6%
Dead
39.5%
Henry
39.4%
Chandler
38.5%
Philip
37.7%
Dark
36.7%
Lighthouse
34.6%
Materials
34.5%
Erica
32.1%
Alice
31.4%
Helen
30.3%
Quiet
29.3%
Tom
25.8%
Jude
24.5%
Obscure
24.3%
Khaled
23.4%
Louis de
15%
Seth
13.2%
Suitable
11.6%
Goodnight
11.4%
Nicholas
9.6%
Michelle
5.8%

You're not logged in!

Compare scores with friends on all Sporcle quizzes.
Sign Up with Email
OR
Log In

You Might Also Like...

Show Comments

Extras

Top Quizzes Today


Score Distribution

Your Account Isn't Verified!

In order to create a playlist on Sporcle, you need to verify the email address you used during registration. Go to your Sporcle Settings to finish the process.